000 01177cam a2200241 4500
001 ABS67848
008 040601n2004 000 0 eng u
035 _a(Sirsi) u126340
100 _aPerry, J.
245 _aFull speed ahead
260 _c2004
490 _aInside Housing
_v21(14) 14 May 2004, 24-26(3)
520 _aExamines the rapid progress of the Arm's Length Management Organisation (ALMO) movement from its beginnings five years ago. ALMOs now cover almost as many properties as have been sold in more than 15 years of stock transfer and more than 23 000 homes were made decent by ALMOs in the last financial year. Looks at ALMOs' future prospects and available options with the spending review in July 2004 to establish 2005-06 onwards investment levels for ALMOs. Also discusses the proposals for the ALMOs' financial regime in the longer-term to be finalised later in 2004.
590 _aABS
590 _aABS
650 _aHOUSING SUBSIDIES
650 _aSOCIAL HOUSING GRANT
650 _aARM'S LENGTH MANAGEMENT ORGANISATIONS
650 _aSTOCK TRANSFER
650 _aHOUSING AUTHORITIES
690 _aHOUSING-SOCIAL HOUSING
942 _n0
999 _c117425
_d117425